La mente en las relaciones humanas /

Este libro muestra con todo detalle el modo de descubrir los poderes de la mente, cómo desarrollarlos y aplicarlos para eliminar temores, estrés y complejos.

محفوظ في:
التفاصيل البيبلوغرافية
المؤلف الرئيسي: Custer, Dan (autor)
التنسيق: كتاب
اللغة:الإسبانية
منشور في: México : CECSA, 1960, c1960
الموضوعات:
الوسوم: إضافة وسم
لا توجد وسوم, كن أول من يضع وسما على هذه التسجيلة!

MARC

LEADER 00000nam^a2200000^a^4500
001 000183469
005 20250521000000.0
009 20260310102041.384
037 |a Acervo ITESO - Biblioteca 
041 |a ESP 
082 |a 153.  |b CUS 
100 |a Custer, Dan  |e (autor) 
245 1 3 |a La mente en las relaciones humanas /  |c D. Custer ; tr. por Celedonio Sevillano. 
264 4 |a México :  |b CECSA,  |c 1960, c1960 
300 |a 281 p. 
336 |a texto  |b txt  |2 rdacontenido 
337 |a sin mediación  |b n  |2 rdamedio 
338 |a volumen  |b nc  |2 rdasoporte 
500 |a Traducción de: The Miracle of Mind Power 
520 |a Este libro muestra con todo detalle el modo de descubrir los poderes de la mente, cómo desarrollarlos y aplicarlos para eliminar temores, estrés y complejos. 
649 |a XX 
650 |a Alma y Cuerpo 
650 |a Psicología Cognitiva 
650 |a Desarrollo Cognoscitivo 
650 |a Meditación 
650 |a Autoestima 
650 |a Superación Personal y Autoayuda 
650 |a Desarrollo Humano 
650 |a Psicología 
910 |a Fondo General 
920 |a Impresos - Libros 
930 |a Colección General 
905 |a 101 
901 |a 0500123678  |b IT1  |c ACC  |u 20250521 
902 |a https://opac.biblio.iteso.mx/vufind/Record/000183469